000 00880nac a22002657a 4500
001 BR0204628
003 BR-BrBNA
005 20240105122716.0
008 230509b bl.|||m| |||| 00| 0 por d
040 _aBR-BrBNA
_bpor
_cBiblioteca Nacional de Agricultura
072 _aQ52; L02
090 _a5214 BR0204628
110 1 _aEmpresa de Pesquisa Agropecuária do Estado do Rio de Janeiro, Niterói (Brasil)
245 1 _aCevada úmida na alimentação do gado de leite
260 3 _aNiterói, RJ (Brasil):
_c2001.
300 _a4p.
490 _aDocumentos - Empresa de Pesquisa Agropecuária do Estado do Rio de Janeiro (Brazil)
_vno.75
_xISSN 1413-3903
650 _aGADO LEITEIRO
650 _aNUTRIÇÃO ANIMAL
650 _aCEVADA
650 _aSUBPRODUTO
650 _aPALATABILIDADE
909 _a202312
_bLúcia Elande
_c55
_dLúcia Elande
942 _2AGRIS
_n0
_cMS
999 _c292435
_d292435